Library Banner

They lived dangerously (Record no. 75378)

MARC details
000 -LEADER
fixed length control field 00424nam a22001457a 4500
005 - DATE AND TIME OF LATEST TRANSACTION
control field 20150902112035.0
008 - FIXED-LENGTH DATA ELEMENTS--GENERAL INFORMATION
fixed length control field 150902b xxu||||| |||| 00| 0 eng d
040 ## - CATALOGING SOURCE
Transcribing agency PK-LaUMT
082 ## - DEWEY DECIMAL CLASSIFICATION NUMBER
Classification number KHC 954.0350924
Item number MAN-L
100 ## - MAIN ENTRY--PERSONAL NAME
Personal name Manmathnath Gupta
245 ## - TITLE STATEMENT
Title They lived dangerously
Remainder of title reminiscences of a revolutionary
Statement of responsibility, etc Manmathnath Gupta
260 ## - PUBLICATION, DISTRIBUTION, ETC. (IMPRINT)
Place of publication, distribution, etc Delhi
Name of publisher, distributor, etc People's publishing house
Date of publication, distribution, etc 1969
300 ## - PHYSICAL DESCRIPTION
Extent 440 p.
942 ## - ADDED ENTRY ELEMENTS (KOHA)
Koha item type Books
Holdings
Withdrawn status Lost status Damaged status Home library Current library Date acquired Full call number Barcode Date last seen Price effective from Koha item type
      UMT Main Campus UMT Main Campus 2015-09-02 KHC 954.0350924 MAN-L 68137 2015-09-02 2015-09-02 Books